000 00397nam a2200169Ia 4500
003 0STCL
008 150530s9999 xx 000 0 und d
040 _aSTCL
_cSTCL
100 _aPottekkatt, S.K.
245 _aNaadan Premam
260 _bMathrubhumi press; Kozhikode
_c1985
_aKozhikode
300 _a0
546 _aMalayalam
942 _2ddc
_cBK
999 _c74218
_d74218
005 20220125171545.0